存在したことのある5文字以上の市区町村 - Statistics

General Stats
  • This quiz has been taken 231 times
  • The average score is 7 of 22
Answer Stats
都道府県 自治体名 備考 % Correct
茨城県 つくばみらい市 現存
97%
茨城県 ひたちなか市 現存
90%
茨城県 かすみがうら市 現存
88%
山梨県 南アルプス市 現存
87%
山口県 山陽小野田市 現存
84%
鹿児島県 いちき串木野市 現存
83%
山梨県 富士河口湖町 現存
78%
青森県 大湊田名部市 消滅
57%
静岡県 天城湯ケ島町 消滅
13%
栃木県 国分寺小金井町 消滅
8%
大阪府 藤井寺道明寺町 消滅
8%
秋田県 元西馬音内村 消滅
4%
長野県 五郎兵衛新田村 消滅
3%
長野県 稲荷山桑原町 消滅
3%
奈良県 十津川花園村 消滅
3%
広島県 四日市次郎丸村 消滅
3%
新潟県 里五十公野村 消滅
2%
山梨県 富士上吉田町 消滅
2%
岐阜県 西加賀野井村 消滅
2%
三重県 市木尾呂志村 消滅
2%
熊本県 教良木河内村 消滅
2%
鹿児島県 隼人日当山町 消滅
2%
No matching quizzes found
Score Distribution
Percent of People with Each Score
Percentile by Number Answered
Your Score History
You have not taken this quiz